[Event "SRB-chT Cup"]
[Site "Kragujevac"]
[Date "2017.04.29"]
[Round "1.12"]
[White "Jocovic, Slobodan"]
[Black "Dubravcic, Nikola"]
[Result "1-0"]
[WhiteElo "2073"]
[BlackElo "1805"]
[PlyCount "131"]
[EventDate "2017.04.29"]
[EventType "team-swiss"]
[EventRounds "6"]
[EventCountry "SRB"]
[SourceTitle "EXT 2018"]
[Source "ChessBase"]
[SourceDate "2017.10.13"]
[SourceVersion "1"]
[SourceVersionDate "2017.10.13"]
[SourceQuality "1"]
[WhiteTeam "Ljig Spartak"]
[BlackTeam "Pozarevac"]
[WhiteTeamCountry "SRB"]
[BlackTeamCountry "SRB"]

1. d4 d5 2. c4 dxc4 3. Nc3 Nf6 4. Nf3 c5 5. e3 cxd4 6. exd4 Bg4 7. Bxc4 e6 8. 0-0 Be7 9. h3 Bh5 10. d5 exd5 11. Nxd5 Nc6 12. Re1 Nxd5 13. Qxd5 Qxd5 14. Bxd5 Rc8 15. g4 Bg6 16. Bf4 Kf8 17. Rac1 f6 18. Nd4 Be8 19. Ne6+ Kf7 20. Nd8+ Kf8 21. Nxb7 g5 22. Bg3 Bd7 23. Nd6 Bxd6 24. Bxd6+ Kg7 25. b4 a6 26. a4 Ne5 27. a5 Rxc1 28. Rxc1 Rc8 29. Re1 Re8 30. Kg2 Bb5 31. Rc1 Rd8 32. Rc7+ Rd7 33. Bxe5 fxe5 34. Rxd7+ Bxd7 35. Kf3 Kf6 36. Ke4 Bb5 37. Bb3 Bc6+ 38. Bd5 Bb5 39. f3 h6 40. Ke3 Ke7 41. Be4 Ke6 42. Bd3 Bxd3 43. Kxd3 Kd5 44. Kc3 Kd6 45. b5 axb5 46. Kb4 Kc6 47. a6 Kb6 48. a7 Kxa7 49. Kxb5 Kb7 50. Kc5 Kc7 51. Kd5 Kd7 52. Kxe5 Ke7 53. Kf5 Kf7 54. f4 gxf4 55. Kxf4 Kf6 56. h4 Kg6 57. Ke5 Kg7 58. Ke6 Kg6 59. Ke7 Kg7 60. h5 Kh7 61. Kf7 Kh8 62. Kg6 Kg8 63. Kxh6 Kh8 64. g5 Kg8 65. Kg6 Kh8 66. Kf7 1-0

[Event "SRB-chT Cup"]
[Site "Kragujevac"]
[Date "2016.04.23"]
[Round "6.6"]
[White "Gligorijevic, Pera"]
[Black "Jocovic, Slobodan"]
[Result "1-0"]
[WhiteElo "1568"]
[BlackElo "2087"]
[PlyCount "69"]
[EventDate "2016.04.20"]
[EventType "team-swiss"]
[EventRounds "7"]
[EventCountry "SRB"]
[SourceTitle "CBM 172 Extra"]
[Source "ChessBase"]
[SourceDate "2016.06.21"]
[SourceVersion "1"]
[SourceVersionDate "2016.06.21"]
[SourceQuality "1"]
[WhiteTeam "Kragujevac Lepenica"]
[BlackTeam "Ljig Spartak"]
[WhiteTeamCountry "SRB"]
[BlackTeamCountry "SRB"]

1. f4 d5 2. Nf3 Bg4 3. e3 Nf6 4. Be2 Nbd7 5. b3 g6 6. Bb2 Bg7 7. d3 0-0 8. 0-0 Bxf3 9. Bxf3 e6 10. Nd2 c6 11. Rc1 Qb6 12. Qe2 c5 13. Kh1 a5 14. a4 Rfd8 15. Rb1 Qc7 16. c4 b6 17. Rfc1 Qd6 18. d4 cxd4 19. exd4 Qxf4 20. Rf1 Qd6 21. Qe3 Nb8 22. Be2 Nfd7 23. Rbe1 Nc6 24. Nf3 Nb4 25. Rc1 Rac8 26. Ne5 Nf6 27. c5 bxc5 28. dxc5 Qe7 29. Bd4 Ne4 30. Ng4 e5 31. Ba1 h5 32. Nh6+ Kh7 33. Nf5 gxf5 34. Rxf5 Rh8 35. Qxe4 1-0

[Event "SRB-chT Cup"]
[Site "Kragujevac"]
[Date "2016.04.21"]
[Round "3.5"]
[White "Nenadovic, Ljubisa"]
[Black "Jocovic, Slobodan"]
[Result "1-0"]
[WhiteElo "2076"]
[BlackElo "2087"]
[PlyCount "83"]
[EventDate "2016.04.20"]
[EventType "team-swiss"]
[EventRounds "7"]
[EventCountry "SRB"]
[SourceTitle "CBM 172 Extra"]
[Source "ChessBase"]
[SourceDate "2016.06.21"]
[SourceVersion "1"]
[SourceVersionDate "2016.06.21"]
[SourceQuality "1"]
[WhiteTeam "Vladimirci"]
[BlackTeam "Ljig Spartak"]
[WhiteTeamCountry "SRB"]
[BlackTeamCountry "SRB"]

1. d4 e6 2. c4 Nf6 3. Nf3 Bb4+ 4. Bd2 Be7 5. Nc3 d5 6. Bg5 h6 7. Bh4 0-0 8. e3 Ne4 9. Bxe7 Qxe7 10. Rc1 Nxc3 11. Rxc3 b6 12. c5 c6 13. Ne5 b5 14. Bd3 Bb7 15. 0-0 Nd7 16. f4 Nxe5 17. fxe5 f6 18. exf6 Rxf6 19. Rxf6 Qxf6 20. Qf3 e5 21. Qxf6 gxf6 22. Bf5 a5 23. e4 exd4 24. Rg3+ Kf8 25. exd5 cxd5 26. Kf2 Bc8 27. Bh7 Bd7 28. Ke2 Kf7 29. Bg6+ Ke6 30. Rh3 Ke5 31. Rh5+ f5 32. g4 b4 33. Bxf5 Bxf5 34. Rxf5+ Ke4 35. Rf6 d3+ 36. Kd2 Kd4 37. c6 Re8 38. Rf4+ Ke5 39. Rf3 Rc8 40. Re3+ Kd6 41. Rh3 Rh8 42. Rh5 1-0

[Event "SRB-CupT Central"]
[Site "Serbia"]
[Date "2013.04.27"]
[Round "6.10"]
[White "Jocovic, Slobodan"]
[Black "Todorovic, Sasa"]
[Result "1-0"]
[WhiteElo "2063"]
[BlackElo "1910"]
[PlyCount "87"]
[EventDate "2013.03.24"]
[EventType "team-tourn"]
[EventRounds "8"]
[EventCountry "SRB"]
[SourceTitle "EXT 2018"]
[Source "ChessBase"]
[SourceDate "2017.10.13"]
[SourceVersion "1"]
[SourceVersionDate "2017.10.13"]
[SourceQuality "1"]

1. d4 Nf6 2. Bg5 Ne4 3. Bf4 d6 4. f3 Nf6 5. e4 c6 6. Ne2 Nbd7 7. c3 Qb6 8. Qc2 e5 9. Be3 Be7 10. Nd2 a5 11. Ng3 Nf8 12. Nc4 Qc7 13. dxe5 dxe5 14. Bb6 Qb8 15. Nxa5 Ng6 16. Nc4 Be6 17. Nf5 Bxf5 18. exf5 Nf4 19. b4 Nd7 20. Bf2 Qc7 21. Rd1 0-0 22. Ne3 Nb6 23. g3 Nfd5 24. Nxd5 Nxd5 25. Bc4 Nf6 26. 0-0 Rfe8 27. Rfe1 Bf8 28. a4 b5 29. axb5 cxb5 30. Bxb5 Rec8 31. Ra1 Rxa1 32. Rxa1 Bxb4 33. Ra7 Qb8 34. Qb3 Bf8 35. Qxf7+ Kh8 36. Bc4 e4 37. Rb7 Qe5 38. Bd4 Qxf5 39. Bxf6 Bc5+ 40. Bd4 Bxd4+ 41. cxd4 Qg5 42. f4 Qg4 43. Be2 Rc1+ 44. Kf2 1-0

[Event "SRB-CupT Central"]
[Site "Serbia"]
[Date "2013.04.27"]
[Round "7.8"]
[White "Jocovic, Slobodan"]
[Black "Velickovic, Dusan"]
[Result "1-0"]
[WhiteElo "2063"]
[BlackElo "1991"]
[PlyCount "67"]
[EventDate "2013.03.24"]
[EventType "team-tourn"]
[EventRounds "8"]
[EventCountry "SRB"]
[SourceTitle "EXT 2018"]
[Source "ChessBase"]
[SourceDate "2017.10.13"]
[SourceVersion "1"]
[SourceVersionDate "2017.10.13"]
[SourceQuality "1"]

1. d4 d5 2. c4 e6 3. Nc3 Nf6 4. Nf3 c6 5. e3 Bd6 6. Bd3 Nbd7 7. 0-0 0-0 8. b3 Re8 9. Bb2 dxc4 10. bxc4 e5 11. Qc2 Qe7 12. Ng5 h6 13. Nge4 Bc7 14. d5 cxd5 15. cxd5 Nxe4 16. Bxe4 Qc5 17. Ba3 Qc4 18. Bd3 Qh4 19. g3 Qh5 20. d6 Bd8 21. Nd5 Nb6 22. Ne7+ Bxe7 23. dxe7 Bd7 24. Be4 Rac8 25. Qd3 Bc6 26. Rfc1 Qg4 27. Rxc6 bxc6 28. Bf5 e4 29. Bxc8 Qxc8 30. Qxe4 f5 31. Qd4 Qd7 32. Rc1 Nd5 33. Qc4 Rc8 34. Rd1 1-0

[Event "SRB-chT2 West"]
[Site "Serbia"]
[Date "2007.10.07"]
[Round "5.1"]
[White "Jocovic, Slobodan"]
[Black "Vilimonovic, Bozidar"]
[Result "0-1"]
[WhiteElo "2199"]
[BlackElo "2207"]
[PlyCount "98"]
[EventDate "2007.09.09"]
[EventType "team"]
[EventRounds "11"]
[EventCountry "SRB"]
[SourceTitle "EXT 2012"]
[Source "ChessBase"]
[SourceDate "2011.11.24"]
[SourceVersion "1"]
[SourceVersionDate "2011.11.24"]
[SourceQuality "1"]
[WhiteTeam "Ljig Spartak"]
[BlackTeam "Ub"]
[WhiteTeamCountry "SRB"]
[BlackTeamCountry "SRB"]

1. d4 Nf6 2. c4 e6 3. Nc3 Bb4 4. Qc2 Nc6 5. Nf3 d5 6. a3 Bxc3+ 7. Qxc3 Ne4 8. Qc2 Qf6 9. e3 Qg6 10. Nd2 Nxd2 11. Qxd2 dxc4 12. Qc3 0-0 13. Qxc4 Bd7 14. b4 Rac8 15. Bd2 Rfe8 16. Qd3 f5 17. Rc1 Ne7 18. f3 Bc6 19. b5 Bd5 20. Bb4 c6 21. Kf2 cxb5 22. Rxc8 Nxc8 23. Qxb5 a6 24. Qd7 Nb6 25. Qc7 Na8 26. Qd6 Rc8 27. Bd3 h6 28. g4 Qf7 29. gxf5 exf5 30. Rg1 Be4 31. Be2 Bd5 32. Qxh6 Rc2 33. Qd6 Bc4 34. Qd8+ Kh7 35. Re1 Nc7 36. Qh4+ Kg8 37. Kf1 Bxe2+ 38. Rxe2 Qc4 39. Qf2 Kh7 40. Qh4+ Kg8 41. Qf2 Nd5 42. Be1 b5 43. f4 Nf6 44. Qf3 Ne4 45. h4 a5 46. h5 b4 47. axb4 axb4 48. h6 gxh6 49. Qg2+ Kh7 0-1

[Event "SRB-chT 1st League"]
[Site "Vrnjacka Banja"]
[Date "2006.10.29"]
[Round "11.6"]
[White "Vulicevic, Novica"]
[Black "Jocovic, Slobodan"]
[Result "1/2-1/2"]
[WhiteElo "2210"]
[BlackElo "2252"]
[PlyCount "73"]
[EventDate "2006.09.09"]
[EventType "team"]
[EventRounds "11"]
[EventCountry "SRB"]
[SourceTitle "EXT 2012"]
[Source "ChessBase"]
[SourceDate "2011.11.24"]
[SourceVersion "1"]
[SourceVersionDate "2011.11.24"]
[SourceQuality "1"]
[WhiteTeam "Smederevska Palanka Jasenica"]
[BlackTeam "Ljig Spartak"]
[WhiteTeamCountry "SRB"]
[BlackTeamCountry "SRB"]

1. Nf3 d5 2. c4 c6 3. b3 Nf6 4. Bb2 Bf5 5. g3 Nbd7 6. Bg2 e6 7. 0-0 Be7 8. d3 h6 9. Nbd2 0-0 10. Qc1 a5 11. a3 c5 12. Re1 Bh7 13. cxd5 exd5 14. Ne5 Nxe5 15. Bxe5 Rc8 16. Qb2 Bf5 17. e4 dxe4 18. dxe4 Be6 19. Nc4 Rc6 20. a4 Bxc4 21. bxc4 Rb6 22. Qc2 Qc8 23. Bc3 Rb4 24. e5 Nh7 25. Bxb4 cxb4 26. f4 Bc5+ 27. Kh1 Re8 28. Rad1 Nf8 29. f5 Qc7 30. Qe4 Re7 31. e6 fxe6 32. fxe6 Nh7 33. Qg6 Ng5 34. Rd7 Qxd7 35. h4 Qd2 36. Rf1 Qe3 37. hxg5 1/2-1/2

[Event "SRB-chT 1st League"]
[Site "Vrnjacka Banja"]
[Date "2006.10.27"]
[Round "9.3"]
[White "Jocovic, Slobodan"]
[Black "Perunovic, Miodrag"]
[Result "0-1"]
[WhiteElo "2252"]
[BlackElo "2376"]
[PlyCount "66"]
[EventDate "2006.09.09"]
[EventType "team"]
[EventRounds "11"]
[EventCountry "SRB"]
[SourceTitle "EXT 2012"]
[Source "ChessBase"]
[SourceDate "2011.11.24"]
[SourceVersion "1"]
[SourceVersionDate "2011.11.24"]
[SourceQuality "1"]
[WhiteTeam "Ljig Spartak"]
[BlackTeam "Nis"]
[WhiteTeamCountry "SRB"]
[BlackTeamCountry "SRB"]

1. d4 e6 2. Nf3 Nf6 3. Bg5 h6 4. Bxf6 Qxf6 5. c4 c5 6. e3 cxd4 7. exd4 Bb4+ 8. Nc3 b6 9. a3 Bxc3+ 10. bxc3 0-0 11. Be2 Nc6 12. 0-0 Ba6 13. Qa4 Bb7 14. Rab1 Rab8 15. Rfe1 Qe7 16. Nd2 Rfc8 17. Bf3 Na5 18. Bxb7 Rxb7 19. c5 d6 20. Ne4 dxc5 21. dxc5 Rbb8 22. h3 Qc7 23. Rb5 Nc6 24. cxb6 axb6 25. Reb1 Ne7 26. Qd4 Nd5 27. Rxd5 exd5 28. Qxd5 Qf4 29. f3 Rd8 30. Qa2 Kh7 31. Qf2 f5 32. Qg3 Qe3+ 33. Qf2 Qd3 0-1